| 000 -LEADER |
| fixed length control field |
00439nam a2200193Ia 4500 |
| 001 - CONTROL NUMBER |
| control field |
2364 |
| 003 - CONTROL NUMBER IDENTIFIER |
| control field |
GE_BSU |
| 005 - DATE AND TIME OF LATEST TRANSACTION |
| control field |
20221026114924.0 |
| 008 - FIXED-LENGTH DATA ELEMENTS--GENERAL INFORMATION |
| fixed length control field |
181216s2005az xx |||||||||||||| ||aze|| |
| 040 ## - CATALOGING SOURCE |
| Transcribing agency |
GE_BSU |
| 041 ## - LANGUAGE CODE |
| Language code of text/sound track or separate title |
aze |
| 080 ## - UNIVERSAL DECIMAL CLASSIFICATION NUMBER |
| Universal Decimal Classification number |
32(479.24) A -36 |
| 100 ## - MAIN ENTRY--PERSONAL NAME |
| Personal name |
ALİYEV, HEYDAR. |
| 9 (RLIN) |
15549 |
| 245 ## - TITLE STATEMENT |
| Title |
ADİNA HARBİ LİSEY / |
| Statement of responsibility, etc. |
HEYDAR A LİYEV. |
| 260 ## - PUBLICATION, DISTRIBUTION, ETC. |
| Place of publication, distribution, etc. |
BAKİ |
| 260 ## - PUBLICATION, DISTRIBUTION, ETC. |
| Date of publication, distribution, etc. |
2005 |
| 300 ## - PHYSICAL DESCRIPTION |
| Extent |
128 c.: |
| 942 ## - ADDED ENTRY ELEMENTS (KOHA) |
| Koha item type |
წიგნი |
| Source of classification or shelving scheme |
|